<?xml version="1.0" encoding="UTF-8"?>
<collection xmlns="http://www.loc.gov/MARC21/slim">
 <record>
  <leader>00517cam a2200181 7i4500</leader>
  <controlfield tag="001">0000014822</controlfield>
  <controlfield tag="005">20150325090000.0</controlfield>
  <controlfield tag="003">  iicp-my</controlfield>
  <controlfield tag="005">  20130903142900.0</controlfield>
  <controlfield tag="008">130903                       000 0 eng d</controlfield>
  <datafield tag="039" ind1=" " ind2="9">
   <subfield code="y">201309031429</subfield>
   <subfield code="z">diyana</subfield>
  </datafield>
  <datafield tag="090" ind1="0" ind2="0">
   <subfield code="a">423.1 </subfield>
   <subfield code="b">OXF</subfield>
  </datafield>
  <datafield tag="100" ind1="1" ind2=" ">
   <subfield code="a">Lea, Diana </subfield>
  </datafield>
  <datafield tag="245" ind1="0" ind2="0">
   <subfield code="a">Oxford learner's thesaurus : a dictionary of synonmym / by Diana Lea.</subfield>
  </datafield>
  <datafield tag="250" ind1=" " ind2=" ">
   <subfield code="a">1st ed..</subfield>
  </datafield>
  <datafield tag="260" ind1=" " ind2=" ">
   <subfield code="a">New York : Oxford University Press, c2008..</subfield>
  </datafield>
  <datafield tag="500" ind1=" " ind2=" ">
   <subfield code="a">1 Cd-Rom</subfield>
  </datafield>
  <datafield tag="999" ind1=" " ind2=" ">
   <subfield code="a">5000000989</subfield>
   <subfield code="b">Book</subfield>
   <subfield code="c">Reference</subfield>
  </datafield>
 </record>
</collection>
